| 000 | 00661nam a2200205Ia 4500 | ||
|---|---|---|---|
| 005 | 20220307160226.0 | ||
| 008 | 210716s2009 xx 000 0 und d | ||
| 020 | _a9780195697964 | ||
| 040 | _cAIMIT LIBRARY | ||
| 041 | _aeng | ||
| 082 |
_a658.87004 _21 _bJOSG |
||
| 100 |
_aJoshi, Girdhar. _923036 |
||
| 245 |
_aInformation technology for retail / _cBy Girdhar Joshi. |
||
| 250 | _a1st ed. | ||
| 260 |
_aNew Delhi : _bOxford University Press , _c2009. |
||
| 300 |
_aXiv, 401p. ; _c24 cm. |
||
| 650 |
_aModern electronic payment methods _923037 |
||
| 650 |
_aInformation systems for supply chain management _923038 |
||
| 942 |
_2ddc _cBK _e1st _k658.87004 JOSJ |
||
| 999 |
_c203883 _d203883 |
||